00823 2200289 4500001002100000005001700021008004100038020002200079035002400101040001200125041000800137082001800145084001800163100002400181245009300205250001100298260003700309300002900346504003000375650001300405650002000418700002800438700001900466850001200485990001800497990001800515INLIS00000000002982620170816081014.0  a978-602-17160-0-7 0010-081700000000032 aYOPDYOG0 aind042[23]a616.853 a616.853 Rud B0 aRUDI HANTORO, 1945-1 aBuku pintar keperawatan epilepsic/ Rudi Hantoro, Fitri Respati Ambarwati, Nita Nasution aCet. 1 aYogyakartabCakrawala Ilmuc2015 aviii, 228 hlm.c; 21 cm. aBibliografi: hlm. 225-227 4aEpilepsi aSarafxPenyakit0 aFitri Respati Ambarwati3 aNasution, Nita aYOPDYOG a55535-PD/A.17 a55536-PD/A.17